000
00329nam a2200145Ia 4500
008
210210b1921 xxu||||| |||| 00| 0 eng d
041
_a
eng
082
_a
590/286
100
_a
SHERIFS (W R)
245
_a
Zoology
260
_a
London
_b
Macmillan & Co. Ltd.
_c
1921
650
_a
Zoology
690
_a
Zoology
906
_a
010856
999
_c
138748
_d
138748